000
00274nam a22001217a 4500
082
_a
153.4
_b
MOD/P
100
_a
MODERN
245
_a
POCKET BOOK OF QUOTATIONS
260
_a
DELHI
_b
M.B.D PUBLISHERS DISTRIBUTORS
300
_a
466
650
_a
QUOTATIONS
_z
DELHI
942
_c
BK
999
_c
3733
_d
3733